Statystyki dla Stolice Oceanii - Quiz na mapie

Kliknij tutaj aby rozwiązać quiz!

Ogólne statystyki

  • Ten quiz został rozwiązany 30 razy
  • Średni wynik to 10 z 14

Odpowiedzi na mapie

Odpowiedzi skodowane kolorowo w zielono-czerwonej skali na mapie do tego quizu, zgodnie z poniższymi procentami.
 

Statystyki odpowiedzi

Odpowiedź% Poprawnych
Canberra
92%
Wellington
88%
Port Moresby
75%
Suva
75%
Palikir
71%
Ngerulmud
67%
Port Vila
67%
Tarawa
67%
Yaren
67%
Honiara
63%
Nuku'Alofa
63%
Funafuti
58%
Apia
54%
Majuro
54%

Rozkład punktacji

Percentyl według liczby udzielonych odpowiedzi

Procent ludzi z każdym wynikiem

Twoja historia wyników

Nie rozwiązałeś tego quizu